000 00679nam a2200217 a 4500
001 BRCA_7305
005 20190320205803.0
008 260412s2006----sp-a######---#000-0#spa-#
020 _a8497031636
041 _aspaengfre
044 _asp
050 4 _aNK4390
_b.S48 2006
245 1 0 _aSèvres 1740-2006.
260 _aEspaña
_bDiputación Provincial de Zaragoza
_c2006
300 _a429 p.
_bil. a color
_c28 cm.
500 _aIncluye biografía de los artistas del siglo XVIII al XXI
546 _aTexto en : español, inglés y francés
650 1 4 _aPorcelana de Sevres
_ySiglo XVIII-XXI
_918068
651 4 _aSèvres
_xHistoria
_ySiglo XVIII-XXI
_918069
942 _2lcc
_cB
999 _c6981
_d6981